Cancelación : (Record no. 194151)

MARC details
000 -LEADER
campo de control de longitud fija 03335nam a2200397 i 4500
001 - NÚMERO DE CONTROL
campo de control 194151
003 - IDENTIFICADOR DE NÚMERO DE CONTROL
campo de control RBPG
005 - FECHA Y HORA DE LA ÚLTIMA TRANSACCIÓN
campo de control 20250708200001.0
008 - DATOS DE LONGITUD FIJA--INFORMACIÓN GENERAL
campo de control de longitud fija 240305s2024 sp a e|| 000 0 spa c
017 ## - NÚMERO DE COPYRIGHT O DE DEPÓSITO LEGAL
Número de copyright o de depósito legal CO 2108-2023
020 ## - NÚMERO INTERNACIONAL ESTÁNDAR DEL LIBRO
Número Internacional Estándar del Libro 9788419979094
035 ## - NÚMERO DE CONTROL DEL SISTEMA
Número de control de sistema (ES-MaREB)ES-MaREB01942952-6
035 ## - NÚMERO DE CONTROL DEL SISTEMA
Número de control de sistema ES-VlRAB002106304
040 ## - FUENTE DE CATALOGACIÓN
Centro catalogador/agencia de origen RABEL
Centro/agencia modificador BPL
Lengua de catalogación glg
Centro/agencia transcriptor ES-MaACL
080 ## - NÚMERO DE LA CLASIFICACIÓN DECIMAL UNIVERSAL
Número de la Clasificación Decimal Universal 316.75
100 ## - ENTRADA PRINCIPAL--NOMBRE DE PERSONA
Nombre de persona Putin Ghidini, Alessia
9 (RLIN) 235814
Término indicativo de función/relación Autor
245 10 - MENCIÓN DEL TÍTULO
Título Cancelación :
Resto del título manual contra la dictadura de la ideología, el pensamiento binario y el odio político /
Mención de responsabilidad, etc. Alessia Putin Ghidini
250 ## - MENCION DE EDICION
Mención de edición 1ª ed.
260 ## - PUBLICACIÓN, DISTRIBUCIÓN, ETC.
Lugar de publicación, distribución, etc. Córdoba :
Nombre del editor, distribuidor, etc. Sekotia,
Fecha de publicación, distribución, etc. 2024
300 ## - DESCRIPCIÓN FÍSICA
Extensión 299 páginas :
Otras características físicas il ;
Dimensiones 22 cm
336 ## - TIPO DE CONTENIDO
Término de tipo de contenido texto
Fuente rdacontent
337 ## - TIPO DE MEDIO
Nombre/término del tipo de medio sin mediación
Fuente rdamedia
338 ## - TIPO DE SOPORTE
Nombre/término del tipo de soporte volumen
Fuente rdacarrier
490 1# - MENCIÓN DE SERIE
Mención de serie Reflejos de actualidad
504 ## - NOTA DE BIBLIOGRAFÍA, ETC.
Nota de bibliografía, etc. Bibliografía
520 3# - RESUMEN, ETC.
Sumario, etc. Público contra privado, empleados contra empresarios, mujeres contra hombres, ecologistas contra negacionistas....... El pensamiento binario invade el espacio político-social y ofrece como única solución el victimismo y la revancha. Los binaristas ahondan en las brechas de las identidades, de forma excluyente, para generar conflicto social y avivar las políticas del resentimiento y la venganza. La autocensura, el miedo a expresar opiniones contra el pensamiento políticamente correcto y la furia de las masas ocultas bajo perfiles de redes sociales, fomentan la cultura de la cancelación, el racismo ideológico y el movimiento woke. Cancelación se convierte en una brújula que identifica las dictaduras de las ideologías, el autoboicot occidental promovido en las universidades y el odio político, para ayudar a desactivarlos. Desmonta, uno a uno, los mitos y los dogmas del falso progresismo y sus manifestaciones más iliberales: aquellas tiranías de las minorías, disfrazadas de compasión e igualdad, que solo buscan polarizar y levantar muros. Cancelación es una oda a la tolerancia, al respeto y al diálogo que nos ofrece algo de esperanza y entusiasmo en medio de la esquizofrenia colectiva que nos rodea. Un manifiesto, detallado y fundamentado, que nos regala un mensaje optimista para las generaciones futuras e intenta frenar el suicidio de la sociedad occidental. «Alessia nos propone una reflexión sobre el mundo que nos rodea y sobre las cosas que, según dicen algunos, deben ser consideradas normas básicas de ilustración y comportamiento. Al hacerlo, y para dar profundidad a la reflexión, describe con claridad a unos y a otros, y argumenta sólidamente las propuestas que deberían ayudar a evitar el convencionalismo y sus peligros». Javier Rupérez
650 #4 - PUNTO DE ACCESO ADICIONAL DE MATERIA--TÉRMINO DE MATERIA
Término de materia o nombre geográfico como elemento de entrada Tolerancia
9 (RLIN) 17547
830 #0 - PUNTO DE ACCESO ADICIONAL DE SERIE-TÍTULO UNIFORME
Título uniforme Reflejos de actualidad
9 (RLIN) 240715
852 ## - LOCALIZACIÓN
Ubicación ES-MaACL
Sublocalización o colección R.155097
Ubicación en estantería Depósito J
Número de control de estantería N-9880
Encuadernación Encuadernación rústica con solapas
Anotaciones manuscritas Dedicatoria autógrafa de la autora
Donativo/Legado Donación: Alessia Putin Ghdini
itemnumber 205805
903 ## - NOMBRE PERSONAL DE DONANTE
9 235814
a Putin Ghidini, Alessia
e Donante
942 ## - ELEMENTOS DE ENTRADA SECUNDARIOS (KOHA)
Suprimir en OPAC No
Tipo de ítem Koha Libro impreso
Holdings
Estatus retirado Estado de pérdida Fuente del sistema de clasificación o colocación Estado de daño No para préstamo Colección Biblioteca de origen Biblioteca actual Ubicación en estantería Fecha de adquisición Fuente de adquisición Total de préstamos Signatura topográfica completa Código de barras Visto por última vez Precio de reemplazo Tipo de ítem Koha
    Clasificación decimal universal     Libros con dedicatorias Biblioteca del Ateneo de Madrid Biblioteca del Ateneo de Madrid Depósito J 25/05/2025 Donación   N-9880 101230152 25/05/2025 25/05/2025 Libro impreso